Statistics for Regions to Countries

Click here to take the quiz!

General Stats

  • This quiz has been taken 107 times
  • The average score is 15 of 18

Answer Stats

RegionCountry% Correct
Hong KongChina
99%
ScotlandUnited Kingdom
99%
HollandNetherlands
94%
NormandyFrance
92%
BavariaGermany
92%
TibetChina
91%
Puerto RicoUnited States
90%
KyushuJapan
84%
LombardyItaly
83%
ChihuahuaMexico
81%
AzoresPortugal
81%
AndalusiaSpain
81%
SkåneSweden
79%
BohemiaCzech Republic
74%
WalloniaBelgium
71%
Mari OblastRussia
71%
IgbolandNigeria
51%
CabindaAngola
44%

Score Distribution

Percentile by Number Answered

Percent of People with Each Score

Your Score History

You have not taken this quiz